| 000 | 00612nam a22002057a 4500 | ||
|---|---|---|---|
| 003 | SISC | ||
| 005 | 20160317152920.0 | ||
| 008 | 130906t xxu||||| |||| 00| 0 eng d | ||
| 020 | _a1851705600 | ||
| 050 |
_aNC 730 _b.W894 1997 |
||
| 082 |
_aHS 741.2 _bW85 1995 |
||
| 100 |
_aWoods, Gerald _916693 |
||
| 245 |
_aPractical drawing and sketching : _bthe comprehensive guide to materials and techniques / _cGerald Woods. |
||
| 260 |
_aLondon : _bRandom House, _c1995. |
||
| 300 |
_a144 p. ; _bill. col. ; _c25 cm. |
||
| 650 |
_aDrawing _915957 |
||
| 650 |
_aSketching _915956 |
||
| 942 |
_2lcc _cBK |
||
| 999 |
_c10465 _d10465 |
||